Russia Since 1980 (Record no. 577628)

MARC details
000 -LEADER
fixed length control field 01609nam a2200169Ia 4500
008 - FIXED-LENGTH DATA ELEMENTS--GENERAL INFORMATION
fixed length control field 250728s9999 xx 000 0 und d
020 ## - INTERNATIONAL STANDARD BOOK NUMBER
ISBN 9780521849135
082 ## - DEWEY DECIMAL CLASSIFICATION NUMBER
Classification number 947.0854
Item number ROS
100 ## - MAIN ENTRY--AUTHOR NAME
Personal name Rosefielde, Steven
245 #0 - TITLE STATEMENT
Title Russia Since 1980
260 ## - PUBLICATION, DISTRIBUTION, ETC. (IMPRINT)
Name of publisher Cambridge University Press
Year of publication 2009
300 ## - PHYSICAL DESCRIPTION
Number of Pages 378 pages
500 ## - GENERAL NOTE
General note Russia since 1980 recounts the epochal political, economic, and social changes that destroyed the Soviet Union, ushering in a perplexing new order. Two decades after Mikhail Gorbachev initiated his regime-wrecking radical reforms, Russia has reemerged as a superpower. It has survived a hyperdepression, modernized, restored private property and business, adopted a liberal democratic persona, and asserted claims to global leadership. Many in the West perceive these developments as proof of a better globalized tomorrow, while others foresee a new cold war. Globalizers contend that Russia is speedily democratizing, marketizing, and humanizing, creating a regime based on the rule of law and respect for civil rights. Opponents counterclaim that Russia before and during the Soviet period was similarly misportrayed and insist that Medvedev's Russia is just another variation of an authoritarian "Muscovite" model that has prevailed for more than five centuries. The cases for both positions are explored while chronicling events since 1980, and a verdict is rendered in favor of Muscovite continuity. Russia will continue challenging the West until it breaks with its cultural legacy.
650 ## - SUBJECT ADDED ENTRY--TOPICAL TERM
Topical Term Business & Economics
942 ## - ADDED ENTRY ELEMENTS (KOHA)
Koha item type English Books
Holdings
Withdrawn status Lost status Damaged status Not for loan Home library Current library Shelving location Date acquired Full call number Accession Number Price effective from Koha item type
        Anna Centenary Library Anna Centenary Library 7TH FLOOR, B WING 28.07.2025 947.0854 ROS 244066 28.07.2025 English Books

Find us on the map